01141 2200265 4500001002100000005001500021035002000036007000300056008004100059020002100100082001000121084001600131100003600147245007900183250001400262300004900276700008700325520029400412600001800706264005100724336003100775337003000806338002300836990001600859INLIS00000000000012520210204105747 a0010-0121000120ta210204 j j ind  a978-602-8982-085 a398.2 a398.2 VAL c0 aDrs. Valentino BarusePengarang1 aCerita Rakyat :bSeri legenda dari Indonesia Timur /cDrs. Valentino Barus aCetakan I aii, 54 Halaman :bIlustrasi ;c21 x 14, 6 cm0 aDra. MM. Tri S. Mildawani, MA, Da. Dorina. S, Dra. Sugianti Riyanto, SEePengarang aAlkisah, pada jaman daHULU KALA, DI DAERAH lOMPOK TERDALTLAH SUATU nEGERI BERNAma Eberu. Raja Eberu mempunyai sdeorang putri bernama putri Mandalika. Kecantikannya yang pula keelokannya pada sang PUtri. Kecantikkan termasyur sampai melampaui batas kerajaan dan tersebar keberbagai negeri. 4aCerita Rakyat aJakarta Timur :bPT. Lestari Kiranatama,c2018 aTeks Bergambar2rdacontent aTanpa Perantara2rdamedia aVolume2rdacarrier a00000000463